[Event "Recife PE23 Gr A"]
[Site "Recife"]
[Date "2023.04.07"]
[Round "2"]
[White "Do Nascimento, Davi Alves"]
[Black "Do Nascimento, Christian Almeida"]
[Result "1/2-1/2"]
[WhiteElo "2022"]
[BlackElo "2116"]
[PlyCount "136"]
[EventDate "2023.04.06"]
[EventType "tourn"]
[EventRounds "7"]
[EventCountry "BRA"]
[SourceTitle "EXT 2024"]
[Source "ChessBase"]
[SourceDate "2023.10.10"]
[SourceVersion "1"]
[SourceVersionDate "2023.10.10"]
[SourceQuality "1"]

1. d4 d5 2. c4 e6 3. Nf3 Nf6 4. g3 Bb4+ 5. Nbd2 0-0 6. a3 Bxd2+ 7. Qxd2 Ne4 8. Qc2 b6 9. cxd5 exd5 10. Bg2 h6 11. Bf4 c5 12. dxc5 bxc5 13. 0-0 Bf5 14. Qb3 Nc6 15. Rfd1 Be6 16. Qa4 Qb6 17. Rac1 g5 18. Be3 d4 19. Nxd4 Nxd4 20. Bxd4 Bb3 21. Qd7 Bxd1 22. Bxe4 Rad8 23. Qf5 Qg6 24. Qe5 f6 25. Qe7 Qf7 26. Bxf6 Rd7 27. Qxf7+ Kxf7 28. Bf5 Rd6 29. Be5 Rd5 30. e4 Rxe5 31. Rxd1 Rb8 32. Rd2 c4 33. Kg2 Reb5 34. Rd4 Rc5 35. Rd2 Rb3 36. Rd7+ Ke8 37. Rd2 a5 38. Kh3 c3 39. bxc3 Rxa3 40. Kg4 Raxc3 41. Kh5 Rc2 42. Rd6 Rxf2 43. g4 Rxh2+ 44. Kg6 Ke7 45. Rd7+ Ke8 46. Ra7 Rc6+ 47. Kg7 Kd8 48. Rd7+ Ke8 49. Ra7 Kd8 50. Rxa5 Rb2 51. Rd5+ Ke7 52. Rd7+ Ke8 53. e5 Re2 54. Rd5 Ke7 55. Rd7+ Ke8 56. Rb7 Kd8 57. Kf8 Rxe5 58. Rd7+ Kc8 59. Rd5+ Rxf5+ 60. gxf5 g4 61. Kg7 Rc7+ 62. Kxh6 g3 63. Rd3 g2 64. Rg3 Rc2 65. f6 Rf2 66. Kg7 Kd7 67. f7 Ke7 68. Re3+ Kd7 1/2-1/2

[Event "BRA-ch 88th"]
[Site "Recife"]
[Date "2022.12.17"]
[Round "3"]
[White "Do Nascimento, Davi Alves"]
[Black "Naief Moreira, Cleber"]
[Result "1-0"]
[WhiteElo "1968"]
[BlackElo "1920"]
[PlyCount "71"]
[EventDate "2022.12.15"]
[EventType "swiss"]
[EventRounds "11"]
[EventCountry "BRA"]
[SourceTitle "CBM 212 Extra"]
[Source "ChessBase"]
[SourceDate "2023.03.31"]
[SourceVersion "1"]
[SourceVersionDate "2023.03.31"]
[SourceQuality "1"]

1. d4 Nf6 2. c4 g6 3. Nc3 Bg7 4. Nf3 0-0 5. Bg5 h6 6. Bh4 d6 7. e3 Nbd7 8. Be2 c6 9. Qc2 e5 10. Rd1 Qe7 11. dxe5 dxe5 12. 0-0 Nc5 13. b4 Ncd7 14. c5 a5 15. a3 g5 16. Bg3 Nh5 17. Nxg5 Qxg5 18. f4 exf4 19. Ne4 Qf5 20. Bh4 Ndf6 21. Nxf6+ Bxf6 22. Qxf5 Bxf5 23. Bxh5 Bb2 24. Rxf4 Bg6 25. Rg4 Kh7 26. Bxg6+ fxg6 27. Rd7+ Bg7 28. Re4 g5 29. Ree7 Rg8 30. Bg3 Kg6 31. Rd6+ Kh5 32. h3 axb4 33. Be1 g4 34. hxg4+ Kg5 35. Bxb4 Bf8 36. Re5+ 1-0

[Event "Natal zt 2.4"]
[Site "Natal"]
[Date "2022.10.08"]
[Round "9"]
[White "Mendes Domingues, Ribeiro Matheus"]
[Black "Do Nascimento, Davi Alves"]
[Result "1/2-1/2"]
[WhiteElo "2198"]
[BlackElo "1922"]
[PlyCount "60"]
[EventDate "2022.10.03"]
[EventType "swiss"]
[EventRounds "9"]
[EventCountry "BRA"]
[SourceTitle "EXT 2024"]
[Source "ChessBase"]
[SourceDate "2023.10.10"]
[SourceVersion "1"]
[SourceVersionDate "2023.10.10"]
[SourceQuality "1"]

1. c4 e6 2. Nf3 Nf6 3. Nc3 d5 4. e3 Be7 5. b3 0-0 6. Bb2 c5 7. cxd5 exd5 8. d4 Bg4 9. Be2 Nc6 10. dxc5 Bxc5 11. 0-0 Re8 12. h3 Bf5 13. Rc1 Bb6 14. Na4 Bc7 15. Nc5 Rb8 16. Nxb7 Rxb7 17. Rxc6 Qd7 18. Qc1 Ne4 19. Nd4 Bxh3 20. Bf3 Ng5 21. gxh3 Qxh3 22. Rxc7 Nxf3+ 23. Nxf3 Qg4+ 24. Kh2 Qxf3 25. Rg1 Rxc7 26. Rxg7+ Kf8 27. Qxc7 Qxf2+ 28. Kh3 Qf1+ 29. Rg2 Qf3+ 30. Rg3 Qh5+ 1/2-1/2

[Event "BRA-ch U26"]
[Site "Brasilia"]
[Date "2022.09.21"]
[Round "2"]
[White "Dantas, Henrick Vinicius Pr"]
[Black "Do Nascimento, Davi Alves"]
[Result "0-1"]
[WhiteElo "1735"]
[BlackElo "1909"]
[PlyCount "96"]
[EventDate "2022.09.20"]
[EventType "swiss"]
[EventRounds "6"]
[EventCountry "BRA"]
[SourceTitle "EXT 2024"]
[Source "ChessBase"]
[SourceDate "2023.10.10"]
[SourceVersion "1"]
[SourceVersionDate "2023.10.10"]
[SourceQuality "1"]

1. e4 c6 2. d4 d5 3. Nc3 dxe4 4. Nxe4 Nf6 5. Nxf6+ exf6 6. c3 Bd6 7. Bd3 0-0 8. Qc2 g6 9. Ne2 Re8 10. Be3 Nd7 11. 0-0-0 f5 12. h4 Nf6 13. Bg5 Be7 14. Ng3 h5 15. Rhe1 Be6 16. Kb1 Nd5 17. Qd2 Bf6 18. Bc2 b5 19. Nf1 a5 20. Bxf6 Qxf6 21. g3 a4 22. a3 Nb6 23. Qe2 Ba2+ 24. Kxa2 Rxe2 25. Rxe2 Rd8 26. Nd2 f4 27. Ne4 Qe6+ 28. Kb1 f5 29. Rde1 fxe4 30. Rxe4 Qd5 31. Re5 Qf3 32. Re6 Qxf2 33. Rxg6+ Kf7 34. Re5 Rd5 35. Re4 Qf1+ 36. Ka2 Qc4+ 37. Ka1 Kxg6 38. Rxf4+ Kg7 39. Rf2 Rd6 40. Bb1 Rf6 41. Ba2 Qxa2+ 42. Kxa2 Rxf2 43. g4 hxg4 44. h5 g3 45. h6+ Kxh6 46. c4 Nxc4 47. d5 cxd5 48. Kb1 g2 0-1

[Event "Joao Pessoa Fischer Memorial 11th"]
[Site "Joao Pessoa"]
[Date "2022.05.06"]
[Round "2"]
[White "Di Berardino, Diego Rafael"]
[Black "Do Nascimento, Davi Alves"]
[Result "1-0"]
[WhiteElo "2490"]
[BlackElo "1867"]
[PlyCount "125"]
[EventDate "2022.05.06"]
[EventType "swiss"]
[EventRounds "6"]
[EventCountry "BRA"]
[SourceTitle "EXT 2023"]
[Source "ChessBase"]
[SourceDate "2022.10.05"]
[SourceVersion "1"]
[SourceVersionDate "2022.10.05"]
[SourceQuality "1"]

1. d4 Nf6 2. c4 e6 3. Nf3 Be7 4. g3 0-0 5. Bg2 d5 6. 0-0 dxc4 7. Qc2 Bd7 8. Qxc4 Bc6 9. Nc3 Nbd7 10. Rd1 Nb6 11. Qd3 Bxf3 12. Qxf3 c6 13. e4 Re8 14. Qe2 Rc8 15. Qc2 Nbd7 16. h3 b5 17. Be3 Bf8 18. Rac1 Qa5 19. a3 Nb6 20. Bf1 Nc4 21. Bxc4 bxc4 22. Qe2 Qa6 23. Bf4 c5 24. d5 exd5 25. Nxd5 Nxd5 26. Rxd5 Qe6 27. Qxc4 Qxe4 28. Rd7 Qxc4 29. Rxc4 a5 30. Ra7 Ra8 31. Rxa8 Rxa8 32. Ra4 Be7 33. Bd2 Bd8 34. b4 cxb4 35. axb4 Kf8 36. bxa5 Ra6 37. Re4 Bxa5 38. Ra4 Bxd2 39. Rxa6 g6 40. g4 Kg7 41. Kg2 Bc3 42. Kf3 Bd4 43. Ke2 Be5 44. Kd3 Bb2 45. Ke4 Bc3 46. Ra7 Bd4 47. Rb7 Bc3 48. Kd5 Bf6 49. Kd6 Kf8 50. Kd7 Be5 51. f3 Bg3 52. Ra7 g5 53. Ra8+ Kg7 54. Ke8 Kg6 55. Ra6+ f6 56. Ke7 Be5 57. Ke6 Bd4 58. Ra8 Kg7 59. Kf5 Bc3 60. Ra7+ Kh6 61. Re7 Bd4 62. h4 gxh4 63. f4 1-0

[Event "Natal Potiguar op 11th"]
[Site "Natal"]
[Date "2019.06.09"]
[Round "5"]
[White "De Saboya E Silva, Jose Frederic"]
[Black "Do Nascimento, Davi Alves"]
[Result "1-0"]
[WhiteElo "2080"]
[BlackElo "1621"]
[PlyCount "23"]
[EventDate "2019.06.07"]
[EventType "swiss"]
[EventRounds "6"]
[EventCountry "BRA"]
[SourceTitle "EXT 2020"]
[Source "ChessBase"]
[SourceDate "2019.10.17"]
[SourceVersion "1"]
[SourceVersionDate "2019.10.17"]
[SourceQuality "1"]

1. d4 Nf6 2. Nf3 d5 3. c4 c6 4. Nc3 Bg4 5. Ne5 Bf5 6. cxd5 cxd5 7. e4 dxe4 8. Qb3 e6 9. Qxb7 Nbd7 10. Nxd7 Nxd7 11. Bb5 Rb8 12. Bxd7+ 1-0

[Event "Potiguar-ch final"]
[Site "Natal"]
[Date "2018.12.09"]
[Round "5"]
[White "Do Nascimento, Davi Alves"]
[Black "Jordao Barbosa, Marcio Ferre"]
[Result "0-1"]
[WhiteElo "1526"]
[BlackElo "2112"]
[PlyCount "48"]
[EventDate "2018.12.06"]
[EventType "tourn"]
[EventRounds "9"]
[EventCountry "BRA"]
[SourceTitle "EXT 2021"]
[Source "ChessBase"]
[SourceDate "2020.10.23"]
[SourceVersion "1"]
[SourceVersionDate "2020.10.23"]
[SourceQuality "1"]

1. d4 Nf6 2. Bg5 Ne4 3. Bf4 f5 4. e3 b6 5. Bd3 Bb7 6. f3 Nd6 7. Bxd6 cxd6 8. Bxf5 g6 9. Bd3 e5 10. Ne2 Qg5 11. Kf2 Bh6 12. Qd2 0-0 13. Bc4+ Kh8 14. d5 Qh4+ 15. g3 Qxc4 16. Nbc3 Qg4 17. f4 Na6 18. h3 Qf5 19. Kg2 exf4 20. exf4 Nc7 21. Rad1 Rae8 22. g4 Qf7 23. g5 Bxg5 24. fxg5 Qf2# 0-1

[Event "Natal Potiguar B1"]
[Site "Natal"]
[Date "2018.04.22"]
[Round "9.2"]
[White "Do Nascimento, Davi Alves"]
[Black "De Lima, Enzo Magalhaes"]
[Result "0-1"]
[WhiteElo "1455"]
[BlackElo "1500"]
[PlyCount "72"]
[EventDate "2018.04.13"]
[EventType "tourn"]
[EventRounds "9"]
[EventCountry "BRA"]
[SourceTitle "EXT 2022"]
[Source "ChessBase"]
[SourceDate "2021.10.06"]
[SourceVersion "1"]
[SourceVersionDate "2021.10.06"]
[SourceQuality "1"]

1. e4 c6 2. d4 d5 3. e5 Bf5 4. Be3 e6 5. Nd2 Nd7 6. c4 Ne7 7. c5 h6 8. Ne2 Bh7 9. Ng3 Nf5 10. Nxf5 Bxf5 11. b4 Be7 12. Nb3 0-0 13. Bd3 Bxd3 14. Qxd3 b5 15. 0-0 Qe8 16. a4 Qb8 17. axb5 Qxb5 18. Qxb5 cxb5 19. Rfc1 Rfc8 20. Bd2 Nb8 21. Na5 Bd8 22. Nb7 Nc6 23. Nxd8 Rxd8 24. Bc3 a5 25. bxa5 b4 26. Bb2 Nxa5 27. Ra4 Nb3 28. Rxa8 Rxa8 29. Rd1 Ra2 30. Ba1 Nxa1 31. c6 Rc2 32. Rxa1 Rxc6 33. Rd1 b3 34. Kf1 b2 35. Ke2 Rc1 36. Kd2 Rxd1+ 0-1